[Event "Paleochora op 16th"]
[Site "Paleochora"]
[Date "2023.07.26"]
[Round "9"]
[White "Venkatesh, Marani Rajendran"]
[Black "Lakunza Plazaola, Asier"]
[Result "1-0"]
[WhiteElo "2443"]
[BlackElo "2168"]
[PlyCount "61"]
[EventDate "2023.07.19"]
[EventType "swiss"]
[EventRounds "9"]
[EventCountry "GRE"]
[SourceTitle "EXT 2024"]
[Source "ChessBase"]
[SourceDate "2023.10.10"]
[SourceVersion "1"]
[SourceVersionDate "2023.10.10"]
[SourceQuality "1"]

1. Nf3 d5 2. g3 Nf6 3. Bg2 e6 4. d3 Be7 5. Nbd2 0-0 6. 0-0 c5 7. e4 Nc6 8. e5 Nd7 9. Re1 b5 10. Nf1 b4 11. h4 a5 12. Bf4 a4 13. a3 bxa3 14. bxa3 Rb8 15. Ng5 Rb2 16. Nh2 Nd4 17. Rc1 Ba6 18. Bf1 Ra2 19. c3 Nb3 20. Rb1 Qa5 21. Qg4 Nb6 22. Qh5 h6 23. Ng4 hxg5 24. hxg5 Qxc3 25. Nf6+ gxf6 26. gxf6 Bxf6 27. Qg4+ Bg5 28. Qxg5+ Kh7 29. Qh4+ Kg8 30. Bh6 Bxd3 31. Qf6 1-0

[Event "Euskadi-ch"]
[Site "Getxo"]
[Date "2023.04.14"]
[Round "4.2"]
[White "Lakunza Plazaola, Asier"]
[Black "Barbazan Bilbao, Xabier"]
[Result "1/2-1/2"]
[WhiteElo "2178"]
[BlackElo "2150"]
[PlyCount "68"]
[EventDate "2023.04.12"]
[EventType "swiss"]
[EventRounds "7"]
[EventCountry "ESP"]
[SourceTitle "EXT 2024"]
[Source "ChessBase"]
[SourceDate "2023.10.10"]
[SourceVersion "1"]
[SourceVersionDate "2023.10.10"]
[SourceQuality "1"]

1. d4 Nf6 2. c4 e6 3. Nc3 Bb4 4. Qc2 0-0 5. a3 Bxc3+ 6. Qxc3 d5 7. Nf3 dxc4 8. Qxc4 b6 9. Bg5 Ba6 10. Qa4 Qd7 11. Qc2 c5 12. Bxf6 gxf6 13. dxc5 Rc8 14. Qe4 bxc5 15. Rd1 Qc6 16. Qxc6 Nxc6 17. e3 Bxf1 18. Rxf1 Rab8 19. Rd2 c4 20. Rc2 c3 21. b4 a5 22. Rxc3 axb4 23. axb4 Rxb4 24. Nd4 Rb1+ 25. Ke2 Nxd4+ 26. exd4 Rb2+ 27. Kd3 Rd8 28. Ke3 Rd5 29. Rd3 Kg7 30. Rfd1 Kg6 31. R1d2 Rb1 32. Rd1 Rb2 33. R1d2 Rb1 34. Rd1 Rb2 1/2-1/2

[Event "Mirandela op 3rd"]
[Site "Mirandela"]
[Date "2022.08.18"]
[Round "3"]
[White "Lakunza Plazaola, Asier"]
[Black "Srinath, Rao SV"]
[Result "0-1"]
[WhiteElo "2178"]
[BlackElo "2309"]
[PlyCount "96"]
[EventDate "2022.08.17"]
[EventType "swiss"]
[EventRounds "9"]
[EventCountry "POR"]
[SourceTitle "CBM 209 Extra"]
[Source "ChessBase"]
[SourceDate "2022.09.30"]
[SourceVersion "1"]
[SourceVersionDate "2022.09.30"]
[SourceQuality "1"]

1. d4 Nf6 2. c4 g6 3. Nc3 Bg7 4. e4 d6 5. Nf3 0-0 6. Be2 Bg4 7. Be3 Nfd7 8. Rc1 a5 9. 0-0 Na6 10. Nd2 Bxe2 11. Qxe2 e5 12. d5 f5 13. f3 f4 14. Bf2 g5 15. a3 h5 16. Rb1 Rf6 17. Kh1 Rg6 18. b4 axb4 19. axb4 g4 20. Bg1 Qh4 21. Na4 Nf6 22. c5 g3 23. Rfc1 gxh2 24. Bxh2 Ng4 25. Nf1 Nf2+ 26. Kg1 Nh3+ 27. Kh1 Qf2 28. Rc2 Rxg2 29. Qxf2 Rxf2 30. Rxf2 Nxf2+ 31. Kg2 Nd3 32. cxd6 cxd6 33. Nb6 Rf8 34. b5 Nac5 35. Nd2 Rf6 36. Rg1 Kf7 37. Kf1 Bh6 38. Rg2 Nb2 39. Bg1 Nd1 40. Ndc4 Ne3+ 41. Bxe3 fxe3 42. Ke2 Nb3 43. Nd7 Nd4+ 44. Kd1 Rf4 45. Ndxe5+ dxe5 46. Nxe5+ Kf6 47. Rg6+ Kxe5 48. Rxh6 Rxf3 0-1

[Event "Gipuzkoa-ch A"]
[Site "Azpeitia"]
[Date "2019.11.30"]
[Round "7"]
[White "Lakunza Plazaola, Asier"]
[Black "Ros Eskisabel, Jose Ramon"]
[Result "1-0"]
[WhiteElo "2201"]
[BlackElo "2098"]
[PlyCount "65"]
[EventDate "2019.10.19"]
[EventType "swiss"]
[EventRounds "7"]
[EventCountry "ESP"]
[SourceTitle "EXT 2024"]
[Source "ChessBase"]
[SourceDate "2023.10.10"]
[SourceVersion "1"]
[SourceVersionDate "2023.10.10"]
[SourceQuality "1"]

1. d4 Nf6 2. c4 d6 3. Nf3 g6 4. Nc3 Bf5 5. e3 Bg7 6. Be2 0-0 7. 0-0 Ne4 8. Nxe4 Bxe4 9. b3 c5 10. Bb2 Nc6 11. Qd2 e5 12. dxc5 dxc5 13. Rfd1 Re8 14. Bc3 Qe7 15. Qb2 Rad8 16. Nd2 Bf5 17. Bf3 Qc7 18. Bd5 Kh8 19. Nf1 f6 20. Rd2 Rd6 21. Rad1 Red8 22. Ng3 Ne7 23. e4 Bg4 24. f3 Bc8 25. f4 Nc6 26. Bxc6 exf4 27. Bd5 fxg3 28. hxg3 Re8 29. Rf1 Qe7 30. Rdf2 f5 31. exf5 gxf5 32. Re2 Be6 33. Rfe1 1-0

[Event "Gipuzkoa-ch A"]
[Site "Azpeitia"]
[Date "2019.11.09"]
[Round "4"]
[White "Lakunza Plazaola, Asier"]
[Black "Franco Alonso, Alejandro"]
[Result "0-1"]
[WhiteElo "2201"]
[BlackElo "2384"]
[PlyCount "46"]
[EventDate "2019.10.19"]
[EventType "swiss"]
[EventRounds "7"]
[EventCountry "ESP"]
[SourceTitle "EXT 2024"]
[Source "ChessBase"]
[SourceDate "2023.10.10"]
[SourceVersion "1"]
[SourceVersionDate "2023.10.10"]
[SourceQuality "1"]

1. d4 Nf6 2. c4 e6 3. Nc3 Bb4 4. Qc2 d6 5. a3 Bxc3+ 6. Qxc3 Nbd7 7. Bg5 h6 8. Bh4 b6 9. f3 e5 10. e3 Qe7 11. Rd1 Bb7 12. Bf2 exd4 13. Qxd4 0-0-0 14. Ne2 Ne5 15. e4 Kb8 16. Rd2 c5 17. Qc3 Bxe4 18. fxe4 Nxe4 19. Qc2 Nxf2 20. Kxf2 Ng4+ 21. Ke1 Ne3 22. Qc3 Rhe8 23. Rd3 Nxf1 0-1

[Event "Gipuzkoa-ch A"]
[Site "Azpeitia"]
[Date "2019.10.26"]
[Round "2"]
[White "Lakunza Plazaola, Asier"]
[Black "Manso Marquez, Felix"]
[Result "1/2-1/2"]
[WhiteElo "2201"]
[BlackElo "2054"]
[PlyCount "142"]
[EventDate "2019.10.19"]
[EventType "swiss"]
[EventRounds "7"]
[EventCountry "ESP"]
[SourceTitle "EXT 2024"]
[Source "ChessBase"]
[SourceDate "2023.10.10"]
[SourceVersion "1"]
[SourceVersionDate "2023.10.10"]
[SourceQuality "1"]

1. d4 Nf6 2. c4 e6 3. Nc3 Bb4 4. Qc2 0-0 5. a3 Bxc3+ 6. Qxc3 d5 7. Nf3 dxc4 8. Qxc4 b6 9. g3 Bb7 10. Bg2 Nbd7 11. b4 Bd5 12. Qa6 Qc8 13. Qxc8 Rfxc8 14. 0-0 c5 15. dxc5 bxc5 16. Bf4 a5 17. bxc5 Nxc5 18. Nd2 Bxg2 19. Kxg2 Nd5 20. Rfc1 f6 21. Rc4 Nd7 22. Rac1 Rxc4 23. Rxc4 e5 24. Be3 Nxe3+ 25. fxe3 Kf7 26. Nb3 a4 27. Nd2 Ke6 28. e4 Kd6 29. Rb4 Nc5 30. Kf3 Kc7 31. Rc4 Kc6 32. Rb4 Rd8 33. Ke3 Na6 34. Rb1 Rd4 35. Nf3 Rd7 36. Ne1 Rb7 37. Rc1+ Kd6 38. Rd1+ Ke6 39. Rd3 Nc5 40. Rc3 Rb3 41. Rxb3 Nxb3 42. Nd3 Kd6 43. Nb2 Nc5 44. Nd3 Nd7 45. Nb2 Nb6 46. Kd3 Kc5 47. Kc3 Kb5 48. g4 Nd7 49. Nc4 Nc5 50. Nd6+ Kc6 51. Nf5 Nxe4+ 52. Kb4 g6 53. Ne7+ Kd7 54. Nd5 Kd6 55. Ne3 Ke6 56. Kxa4 Nc3+ 57. Ka5 Nxe2 58. Kb6 Nc3 59. Kc5 f5 60. gxf5+ gxf5 61. Kc4 Na4 62. Kb5 Nb2 63. a4 Nxa4 64. Kxa4 f4 65. Nc2 Kd5 66. Kb4 Ke4 67. Kc3 Kf3 68. Kd2 Kf2 69. Kd3 f3 70. h4 h5 71. Ne3 Kg3 1/2-1/2

[Event "Basque-ch"]
[Site "Getxo"]
[Date "2019.04.26"]
[Round "5"]
[White "Lakunza Plazaola, Asier"]
[Black "Abalia Patino, Aritz"]
[Result "1-0"]
[WhiteElo "2153"]
[BlackElo "2205"]
[PlyCount "73"]
[EventDate "2019.04.22"]
[EventType "swiss"]
[EventRounds "7"]
[EventCountry "ESP"]
[SourceTitle "CBM 190 Extra"]
[Source "ChessBase"]
[SourceDate "2019.07.15"]
[SourceVersion "1"]
[SourceVersionDate "2019.07.15"]
[SourceQuality "1"]

1. Nf3 Nf6 2. b3 g6 3. Bb2 Bg7 4. e3 0-0 5. Be2 c5 6. c4 b6 7. 0-0 Bb7 8. d4 e6 9. Nc3 Qe7 10. dxc5 bxc5 11. Nb5 d5 12. Be5 Ne4 13. Bxg7 Kxg7 14. cxd5 exd5 15. Qc2 Nc6 16. Rac1 Rac8 17. Rfd1 Rfd8 18. Qb2+ Kg8 19. Bf1 g5 20. Nc3 Ne5 21. Nxe5 Qxe5 22. Qa1 Rd6 23. Nxe4 Qxe4 24. Rc4 Qg6 25. Ra4 a6 26. Qe5 Re6 27. Qg3 c4 28. Rb4 Ba8 29. bxc4 dxc4 30. Bxc4 Rec6 31. Bb3 h5 32. Rbd4 Kg7 33. Rd7 Rc1 34. Qe5+ Kh6 35. R7d6 Rxd1+ 36. Bxd1 Rc1 37. Qh8# 1-0

[Event "Basque-ch"]
[Site "Getxo"]
[Date "2019.04.24"]
[Round "3"]
[White "Lakunza Plazaola, Asier"]
[Black "Barbazan Bilbao, Xabier"]
[Result "0-1"]
[WhiteElo "2153"]
[BlackElo "2094"]
[PlyCount "72"]
[EventDate "2019.04.22"]
[EventType "swiss"]
[EventRounds "7"]
[EventCountry "ESP"]
[SourceTitle "CBM 190 Extra"]
[Source "ChessBase"]
[SourceDate "2019.07.15"]
[SourceVersion "1"]
[SourceVersionDate "2019.07.15"]
[SourceQuality "1"]

1. d4 Nf6 2. c4 e6 3. Nc3 Bb4 4. Qc2 0-0 5. a3 Bxc3+ 6. Qxc3 b5 7. cxb5 c6 8. Bg5 cxb5 9. e3 Bb7 10. Nf3 h6 11. Bh4 Na6 12. Bd3 g5 13. Bg3 Rc8 14. Qb3 Qa5+ 15. Ke2 Ne4 16. Rhd1 Nc7 17. Nd2 Nxd2 18. Rxd2 Bxg2 19. Rc2 Nd5 20. Rg1 Bh3 21. Bd6 Rfe8 22. f3 Rxc2+ 23. Bxc2 Qa6 24. Bg3 b4+ 25. Bd3 Qb6 26. a4 Rc8 27. a5 Qxa5 28. e4 Nc3+ 29. bxc3 Rxc3 30. Qb2 Ra3 31. Bc4 b3 32. Kd3 Qb4 33. Be1 Qa4 34. Bc3 d5 35. exd5 exd5 36. Bxd5 Qb5+ 0-1

[Event "Basque-ch"]
[Site "Getxo"]
[Date "2019.04.23"]
[Round "2"]
[White "Argandona Riveiro, Inigo"]
[Black "Lakunza Plazaola, Asier"]
[Result "1-0"]
[WhiteElo "2411"]
[BlackElo "2153"]
[PlyCount "53"]
[EventDate "2019.04.22"]
[EventType "swiss"]
[EventRounds "7"]
[EventCountry "ESP"]
[SourceTitle "CBM 190 Extra"]
[Source "ChessBase"]
[SourceDate "2019.07.15"]
[SourceVersion "1"]
[SourceVersionDate "2019.07.15"]
[SourceQuality "1"]

1. c4 c6 2. e4 d5 3. exd5 cxd5 4. cxd5 Nf6 5. Bb5+ Bd7 6. Bc4 Bf5 7. Nc3 Nbd7 8. Nf3 Nb6 9. Bb3 Nfxd5 10. Nxd5 Nxd5 11. Ba4+ Bd7 12. Ne5 Nf6 13. Qb3 e6 14. Nxd7 Nxd7 15. Qxb7 Rc8 16. Qxa7 Bc5 17. Qb7 Bxf2+ 18. Kxf2 Qh4+ 19. g3 Qd4+ 20. Kg2 Qxa4 21. Qxc8+ Ke7 22. Qb7 Rb8 23. Qf3 Qd4 24. Re1 Rb5 25. b3 f5 26. Ba3+ Kf6 27. Qc3 1-0

[Event "Olomouc Summer op 20th"]
[Site "Olomouc"]
[Date "2017.08.18"]
[Round "8"]
[White "Steiner, Bruno"]
[Black "Lakunza Plazaola, Asier"]
[Result "1/2-1/2"]
[WhiteElo "2185"]
[BlackElo "2006"]
[PlyCount "91"]
[EventDate "2017.08.12"]
[EventType "swiss"]
[EventRounds "9"]
[EventCountry "CZE"]
[SourceTitle "CBM 180 Extra"]
[Source "ChessBase"]
[SourceDate "2017.10.06"]
[SourceVersion "1"]
[SourceVersionDate "2017.10.06"]
[SourceQuality "1"]

1. d4 Nf6 2. c4 g6 3. Nc3 Bg7 4. e4 d6 5. h3 0-0 6. Be3 c5 7. e5 Nfd7 8. exd6 exd6 9. Nf3 Nc6 10. Qd2 cxd4 11. Nxd4 Nc5 12. Be2 Qa5 13. 0-0 Na4 14. Nxc6 bxc6 15. Nxa4 Qxa4 16. Bd4 Bxd4 17. Qxd4 d5 18. Rfd1 Be6 19. b3 Qb4 20. cxd5 Qxd4 21. Rxd4 Rfd8 22. Rad1 Rxd5 23. Bc4 Rxd4 24. Rxd4 Bxc4 25. Rxc4 Rc8 26. Kf1 Kf8 27. Ke2 Ke7 28. Kd3 Rc7 29. Rh4 h5 30. Kc4 c5 31. Rf4 Ke6 32. h4 Ke5 33. Rf3 f6 34. Rd3 g5 35. Rd5+ Kf4 36. a4 Re7 37. Rd6 Kf5 38. hxg5 fxg5 39. Rd2 Rc7 40. a5 h4 41. Rd8 g4 42. Rf8+ Kg5 43. Rg8+ Kf5 44. Rh8 Kg5 45. Rg8+ Kf4 46. Rh8 1/2-1/2

[Event "Euskadi-ch"]
[Site "Zornotza"]
[Date "2010.04.05"]
[Round "1"]
[White "Lakunza Plazaola, Asier"]
[Black "Sarralde Osua, Rodrigo"]
[Result "0-1"]
[WhiteElo "2093"]
[BlackElo "2245"]
[PlyCount "60"]
[EventDate "2010.04.05"]
[EventType "swiss"]
[EventRounds "7"]
[EventCountry "ESP"]
[SourceTitle "CBM 136 Extra"]
[Source "ChessBase"]
[SourceDate "2010.07.02"]
[SourceVersion "2"]
[SourceVersionDate "2010.07.15"]
[SourceQuality "1"]

1. e4 c5 2. Nf3 d6 3. d4 cxd4 4. Nxd4 Nf6 5. Nc3 a6 6. Be2 e5 7. Nb3 Be6 8. Bg5 Nbd7 9. Qd2 Be7 10. 0-0-0 Rc8 11. f4 Qc7 12. Kb1 b5 13. f5 Bxb3 14. Bxf6 Bxa2+ 15. Nxa2 Nxf6 16. Bf3 0-0 17. g4 d5 18. exd5 e4 19. g5 exf3 20. gxf6 Bxf6 21. d6 Qd7 22. Qf4 Rc5 23. Qxf3 Rxf5 24. Qa3 g6 25. Qxa6 Rf4 26. Nc1 Ra4 27. Qb6 Rfa8 28. Nb3 Ra2 29. Qc7 Qe6 30. d7 Ra1+ 0-1

[Event "Gipuzkoa-ch"]
[Site "Zarautz"]
[Date "2009.11.28"]
[Round "6"]
[White "Lakunza Plazaola, Asier"]
[Black "Segovia Sanchez, Antonio"]
[Result "1-0"]
[WhiteElo "2064"]
[BlackElo "2032"]
[PlyCount "151"]
[EventDate "2009.10.24"]
[EventType "swiss"]
[EventRounds "7"]
[EventCountry "ESP"]
[SourceTitle "EXT 2012"]
[Source "ChessBase"]
[SourceDate "2011.11.24"]
[SourceVersion "1"]
[SourceVersionDate "2011.11.24"]
[SourceQuality "1"]

1. e4 d5 2. exd5 Qxd5 3. Nc3 Qa5 4. d4 Nf6 5. Nf3 c6 6. Bc4 Bf5 7. Ne5 e6 8. g4 Be4 9. f3 Bd5 10. Qd3 Nbd7 11. Nxd7 Nxd7 12. Bd2 Bxc4 13. Qxc4 0-0-0 14. 0-0-0 Nb6 15. Qb3 Bb4 16. Ne4 Bxd2+ 17. Rxd2 Qd5 18. Qxd5 cxd5 19. Ng5 Rd7 20. f4 Nc4 21. Re2 Nd6 22. Nf3 Rc7 23. Rf1 h5 24. g5 g6 25. a3 a5 26. Ne5 Nf5 27. Rd1 b5 28. Rd3 Kb7 29. Red2 Rhc8 30. Kb1 Ka6 31. Rf2 b4 32. Rfd2 Kb5 33. Rh3 Nd6 34. Rhd3 Ka4 35. Re2 Nb5 36. axb4 axb4 37. Red2 Nd6 38. Re2 Nf5 39. Red2 Kb5 40. Rh3 Ra8 41. Rb3 Ka4 42. Rdd3 Rac8 43. Rd2 Rxc2 44. Rxb4+ Kxb4 45. Rxc2 Rxc2 46. Kxc2 Nxd4+ 47. Kd3 Nf5 48. Nxf7 Kb3 49. Ne5 Ne7 50. Nd7 Kxb2 51. Nf8 Kb3 52. Nxe6 Nf5 53. Nf8 Ne7 54. Kd4 Kb4 55. Ne6 Kb5 56. Ke5 Kc6 57. Nd4+ Kc5 58. Ne6+ Kc6 59. Nd4+ Kc5 60. f5 gxf5 61. Nxf5 Ng6+ 62. Kf6 Nf4 63. g6 h4 64. g7 Nh5+ 65. Ke5 Nxg7 66. Nxg7 Kc4 67. Nf5 h3 68. Ne3+ Kd3 69. Nxd5 Ke2 70. Kf4 Kf2 71. Ne3 Ke2 72. Ng4 Kf1 73. Kg3 Ke2 74. Kxh3 Kf3 75. Ne5+ Kf4 76. Kh4 1-0

[Event "Gipuzkoa-ch"]
[Site "Zarautz"]
[Date "2009.11.14"]
[Round "4"]
[White "Lakunza Plazaola, Asier"]
[Black "Argandona Riveiro, Inigo"]
[Result "0-1"]
[WhiteElo "2064"]
[BlackElo "2364"]
[PlyCount "72"]
[EventDate "2009.10.24"]
[EventType "swiss"]
[EventRounds "7"]
[EventCountry "ESP"]
[SourceTitle "EXT 2012"]
[Source "ChessBase"]
[SourceDate "2011.11.24"]
[SourceVersion "1"]
[SourceVersionDate "2011.11.24"]
[SourceQuality "1"]

1. e4 d6 2. d4 Nf6 3. Nc3 e5 4. Nf3 Nbd7 5. Bc4 Be7 6. 0-0 Nb6 7. Bb3 exd4 8. Qxd4 0-0 9. h3 Nfd7 10. Nd5 Nc5 11. Nxe7+ Qxe7 12. Re1 Re8 13. Bg5 Ne6 14. Bxe6 Qxe6 15. e5 d5 16. Rad1 Qg6 17. Kh2 Bf5 18. c3 Be4 19. Bf4 Nc4 20. Re2 b6 21. b4 c6 22. Ng5 Bc2 23. Rc1 Bd3 24. Ree1 h6 25. Nf3 Be4 26. Bg3 c5 27. bxc5 bxc5 28. Qxc5 Nb2 29. Re3 Bxf3 30. Rxf3 Nd3 31. Rxd3 Qxd3 32. Qa5 Re6 33. a3 a6 34. Qc5 Qc4 35. Qe3 Rc8 36. f3 d4 0-1

[Event "Andorra op 24th"]
[Site "Andorra"]
[Date "2006.07.08"]
[Round "1"]
[White "Lakunza Plazaola, Asier"]
[Black "Satyapragyan, Swayangsu"]
[Result "0-1"]
[WhiteElo "1922"]
[BlackElo "2431"]
[PlyCount "104"]
[EventDate "2006.07.08"]
[EventType "swiss"]
[EventRounds "9"]
[EventCountry "AND"]
[SourceTitle "EXT 2022"]
[Source "ChessBase"]
[SourceDate "2021.10.06"]
[SourceVersion "1"]
[SourceVersionDate "2021.10.06"]
[SourceQuality "1"]

1. e4 c5 2. Nf3 Nc6 3. Bb5 d6 4. Bxc6+ bxc6 5. 0-0 e5 6. c3 Bg4 7. d3 Nf6 8. Nbd2 Be7 9. h3 Bd7 10. Nc4 0-0 11. Re1 Be6 12. Ne3 h6 13. Qc2 Qb6 14. Nh4 Rfe8 15. Nhf5 Bf8 16. Ng4 Qd8 17. Re3 Kh8 18. Rf3 Ng8 19. b3 h5 20. Nge3 g6 21. Ng3 Bg7 22. Bb2 d5 23. Rd1 h4 24. Ngf1 Nf6 25. Nh2 Qa5 26. Bc1 Rad8 27. Neg4 Nxg4 28. hxg4 dxe4 29. dxe4 Rxd1+ 30. Qxd1 Qxa2 31. c4 Qb1 32. Rd3 Bf6 33. Nf1 Bxg4 34. f3 Kg8 35. fxg4 Rb8 36. Nh2 a5 37. Nf3 a4 38. bxa4 Rb4 39. g5 Be7 40. Rc3 Qxe4 41. Qc2 Qg4 42. Be3 Bd6 43. Ne1 e4 44. Qf2 Bg3 45. Qf1 Be5 46. Rc2 Rb1 47. Rc1 Rb3 48. Nc2 h3 49. Re1 Qg3 50. Qf2 Qh2+ 51. Kf1 Bg3 52. Qf6 Qxg2# 0-1

[Event "Euskadi-ch U18"]
[Site "Eibar"]
[Date "2006.04.21"]
[Round "4"]
[White "Martin Alvarez, Inigo"]
[Black "Lakunza Plazaola, Asier"]
[Result "1/2-1/2"]
[WhiteElo "2092"]
[BlackElo "1923"]
[PlyCount "52"]
[EventDate "2006.04.18"]
[EventType "swiss"]
[EventRounds "7"]
[EventCountry "ESP"]
[SourceTitle "EXT 2018"]
[Source "ChessBase"]
[SourceDate "2017.10.13"]
[SourceVersion "1"]
[SourceVersionDate "2017.10.13"]
[SourceQuality "1"]

1. e4 d5 2. exd5 Qxd5 3. Nc3 Qa5 4. d4 Nf6 5. Nf3 Bf5 6. Bc4 c6 7. Bd2 e6 8. Nd5 Qd8 9. Nxf6+ Qxf6 10. Qe2 Nd7 11. 0-0-0 Nb6 12. Bb3 Bg4 13. d5 Bc5 14. dxe6 fxe6 15. Kb1 0-0-0 16. Bc3 Qf7 17. Ne5 Bxe2 18. Rxd8+ Rxd8 19. Nxf7 Re8 20. Re1 Bc4 21. Bxc4 Nxc4 22. Re4 Nd6 23. Nxd6+ Bxd6 24. Bxg7 Rg8 25. Bc3 Rxg2 26. b3 Kd7 1/2-1/2